[Event "Statoil Cup"]
[Site "Denmark"]
[Date "1995.??.??"]
[Round "5"]
[White "Bjerring, Kai"]
[Black "Fancsy, Imre"]
[Result "1/2-1/2"]
[WhiteElo "2380"]
[BlackElo "2365"]
[PlyCount "25"]
[EventDate "1995.??.??"]
[EventType "tourn"]
[EventRounds "9"]
[EventCountry "DEN"]
[SourceTitle "EXT 1999"]
[Source "ChessBase"]
[SourceDate "1998.11.10"]
[SourceVersion "1"]
[SourceVersionDate "1998.11.10"]
[SourceQuality "1"]

1. e4 c5 2. c3 Nf6 3. e5 Nd5 4. d4 cxd4 5. Nf3 e6 6. cxd4 b6 7. Nc3 Nxc3 8.
bxc3 Qc7 9. Bd2 d6 10. Rc1 Be7 11. Bd3 Nd7 12. Bf4 Bb7 13. O-O 1/2-1/2

[Event "Statoil Cup"]
[Site "Denmark"]
[Date "1995.??.??"]
[Round "7"]
[White "Bjerring, Kai"]
[Black "Izsak, Gyula"]
[Result "1/2-1/2"]
[WhiteElo "2380"]
[BlackElo "2445"]
[PlyCount "86"]
[EventDate "1995.??.??"]
[EventType "tourn"]
[EventRounds "9"]
[EventCountry "DEN"]
[SourceTitle "EXT 1999"]
[Source "ChessBase"]
[SourceDate "1998.11.10"]
[SourceVersion "1"]
[SourceVersionDate "1998.11.10"]
[SourceQuality "1"]

1. e4 c5 2. Nf3 e6 3. d4 cxd4 4. Nxd4 a6 5. Nc3 Qc7 6. g3 Bb4 7. Nde2 Nf6 8.
Bg2 Be7 9. O-O O-O 10. Nd4 Nc6 11. Nxc6 bxc6 12. g4 d5 13. g5 Nxe4 14. Nxe4
dxe4 15. Bxe4 Bb7 16. Be3 c5 17. Qf3 Rab8 18. Bxb7 Rxb7 19. b3 c4 20. Bf4 Qc8
21. Rad1 Rb5 22. h4 f6 23. gxf6 Rxf6 24. Qe4 cxb3 25. cxb3 Rb4 26. Rd4 Rg6+ 27.
Kh2 Rxd4 28. Qxd4 Rg4 29. Qe5 Rxh4+ 30. Kg3 Bf6 31. Rc1 Qe8 32. Qb8 Qxb8 33.
Bxb8 Rb4 34. Bc7 Rb7 35. f4 Kf7 36. Rc6 Ra7 37. Bb6 Ra8 38. b4 h5 39. a4 h4+
40. Kg4 Rh8 41. Kh3 Ra8 42. Kg4 Rh8 43. Kh3 Ra8 1/2-1/2

[Event "Statoil Cup"]
[Site "Denmark"]
[Date "1995.??.??"]
[Round "3"]
[White "Bjerring, Kai"]
[Black "Ziegler, Ari"]
[Result "0-1"]
[WhiteElo "2380"]
[BlackElo "2305"]
[PlyCount "64"]
[EventDate "1995.??.??"]
[EventType "tourn"]
[EventRounds "9"]
[EventCountry "DEN"]
[SourceTitle "EXT 1999"]
[Source "ChessBase"]
[SourceDate "1998.11.10"]
[SourceVersion "1"]
[SourceVersionDate "1998.11.10"]
[SourceQuality "1"]

1. e4 c5 2. Nf3 d6 3. d4 cxd4 4. Nxd4 Nf6 5. Nc3 a6 6. Bg5 e6 7. f4 Be7 8. Qf3
Qa5 9. O-O-O Bd7 10. g4 Nc6 11. Bxf6 gxf6 12. Nb3 Qc7 13. Bd3 Rc8 14. Kb1 b5
15. Rhg1 b4 16. Ne2 a5 17. Nbd4 Nxd4 18. Nxd4 Qc5 19. Nb3 Qb6 20. Nd2 Qc5 21.
Nb3 Qa7 22. Rg3 a4 23. Nd2 a3 24. Qe3 Qc7 25. Nc4 Bb5 26. b3 Kf8 27. Rg2 d5 28.
exd5 exd5 29. Nb6 d4 30. Qxd4 Rd8 31. Nd5 Rxd5 32. Qxd5 Qc3 0-1

[Event "Statoil Cup"]
[Site "Denmark"]
[Date "1995.??.??"]
[Round "9"]
[White "Bjerring, Kai"]
[Black "Bogdanovich, Grigory"]
[Result "1/2-1/2"]
[WhiteElo "2380"]
[BlackElo "2405"]
[PlyCount "25"]
[EventDate "1995.??.??"]
[EventType "tourn"]
[EventRounds "9"]
[EventCountry "DEN"]
[SourceTitle "EXT 1999"]
[Source "ChessBase"]
[SourceDate "1998.11.10"]
[SourceVersion "1"]
[SourceVersionDate "1998.11.10"]
[SourceQuality "1"]

1. e4 e5 2. Nf3 Nf6 3. Nxe5 d6 4. Nf3 Nxe4 5. Qe2 Qe7 6. d3 Nf6 7. Bg5 Qxe2+ 8.
Bxe2 Be7 9. Nbd2 Nc6 10. c3 Bg4 11. d4 Nd5 12. Bxe7 Ncxe7 13. g3 1/2-1/2

[Event "Statoil Cup"]
[Site "Denmark"]
[Date "1995.??.??"]
[Round "3"]
[White "Bogdanovich, Grigory"]
[Black "Fancsy, Imre"]
[Result "0-1"]
[WhiteElo "2405"]
[BlackElo "2365"]
[PlyCount "48"]
[EventDate "1995.??.??"]
[EventType "tourn"]
[EventRounds "9"]
[EventCountry "DEN"]
[SourceTitle "EXT 1999"]
[Source "ChessBase"]
[SourceDate "1998.11.10"]
[SourceVersion "1"]
[SourceVersionDate "1998.11.10"]
[SourceQuality "1"]

1. d4 d5 2. c4 dxc4 3. Nf3 a6 4. e3 Nf6 5. Bxc4 e6 6. O-O c5 7. e4 Nxe4 8. Qe2
Nf6 9. d5 Nxd5 10. Bxd5 Qxd5 11. Nc3 Qh5 12. Bg5 h6 13. Bh4 Nc6 14. Rad1 Be7
15. Bxe7 Nxe7 16. Qd3 O-O 17. Qd6 Nc6 18. Na4 e5 19. Nxc5 Bg4 20. Nxb7 Bxf3 21.
gxf3 Nd4 22. Qd5 Nxf3+ 23. Kg2 Qg4+ 24. Kh1 Qh3 0-1

[Event "Statoil Cup"]
[Site "Denmark"]
[Date "1995.??.??"]
[Round "5"]
[White "Bogdanovich, Grigory"]
[Black "Izsak, Gyula"]
[Result "1/2-1/2"]
[WhiteElo "2405"]
[BlackElo "2445"]
[PlyCount "31"]
[EventDate "1995.??.??"]
[EventType "tourn"]
[EventRounds "9"]
[EventCountry "DEN"]
[SourceTitle "EXT 1999"]
[Source "ChessBase"]
[SourceDate "1998.11.10"]
[SourceVersion "1"]
[SourceVersionDate "1998.11.10"]
[SourceQuality "1"]

1. d4 d5 2. c4 dxc4 3. Nf3 a6 4. e3 Nf6 5. Bxc4 e6 6. O-O c5 7. dxc5 Qxd1 8.
Rxd1 Bxc5 9. a3 b5 10. Be2 Ke7 11. b4 Bd6 12. Bb2 Nbd7 13. Nbd2 Bb7 14. Nd4 Nb6
15. Rac1 Rac8 16. Bf3 1/2-1/2

[Event "Statoil Cup"]
[Site "Denmark"]
[Date "1995.??.??"]
[Round "8"]
[White "Bogdanovich, Grigory"]
[Black "Pilgaard, Kim"]
[Result "1-0"]
[WhiteElo "2405"]
[BlackElo "2305"]
[PlyCount "37"]
[EventDate "1995.??.??"]
[EventType "tourn"]
[EventRounds "9"]
[EventCountry "DEN"]
[SourceTitle "EXT 1999"]
[Source "ChessBase"]
[SourceDate "1998.11.10"]
[SourceVersion "1"]
[SourceVersionDate "1998.11.10"]
[SourceQuality "1"]

1. d4 Nf6 2. e3 e6 3. Nf3 b6 4. Bd3 Bb7 5. Nbd2 d5 6. O-O Bd6 7. Ne5 O-O 8. f4
c5 9. c3 Ba6 10. Qe2 Bxd3 11. Qxd3 Nbd7 12. Kh1 Rc8 13. a4 Qe7 14. b3 cxd4 15.
exd4 Rc7 16. Bb2 Rfc8 17. Rae1 Qd8 18. Qh3 g6 19. Nxf7 1-0

[Event "Statoil Cup"]
[Site "Denmark"]
[Date "1995.??.??"]
[Round "1"]
[White "Bogdanovich, Grigory"]
[Black "Ziegler, Ari"]
[Result "0-1"]
[WhiteElo "2405"]
[BlackElo "2305"]
[PlyCount "80"]
[EventDate "1995.??.??"]
[EventType "tourn"]
[EventRounds "9"]
[EventCountry "DEN"]
[SourceTitle "EXT 1999"]
[Source "ChessBase"]
[SourceDate "1998.11.10"]
[SourceVersion "1"]
[SourceVersionDate "1998.11.10"]
[SourceQuality "1"]

1. d4 Nf6 2. c4 g6 3. Nc3 Bg7 4. e4 d6 5. f3 O-O 6. Be3 e5 7. d5 Nh5 8. Qd2 f5
9. O-O-O a6 10. Kb1 Nd7 11. Bd3 Ndf6 12. Nge2 Bd7 13. h3 b5 14. Rc1 bxc4 15.
Bxc4 fxe4 16. fxe4 Bb5 17. Qd3 Nf4 18. Bxf4 exf4 19. Bxb5 axb5 20. Nxf4 Nh5 21.
Ne6 Nf4 22. Nxf4 Rxf4 23. Rhf1 Rxf1 24. Rxf1 Qg5 25. Rf2 Qh4 26. Re2 b4 27. Nb5
Rf8 28. Kc2 Qf6 29. Kb3 Qf1 30. Qc2 Ra8 31. Kxb4 Rxa2 32. Qc4 Qa1 33. b3 Ra8
34. Qxc7 Bd4 35. Qxd6 Kh8 36. e5 Qd1 37. Qf6+ Kg8 38. Qf3 Rc8 39. d6 Bc5+ 40.
Kc4 Bxd6+ 0-1

[Event "Statoil Cup"]
[Site "Denmark"]
[Date "1995.??.??"]
[Round "7"]
[White "Bogdanovich, Grigory"]
[Black "Christensen, Esben"]
[Result "1-0"]
[WhiteElo "2405"]
[BlackElo "2175"]
[PlyCount "105"]
[EventDate "1995.??.??"]
[EventType "tourn"]
[EventRounds "9"]
[EventCountry "DEN"]
[SourceTitle "EXT 1999"]
[Source "ChessBase"]
[SourceDate "1998.11.10"]
[SourceVersion "1"]
[SourceVersionDate "1998.11.10"]
[SourceQuality "1"]

1. d4 Nf6 2. e3 g6 3. Nf3 Bg7 4. b3 d6 5. Bb2 Nbd7 6. Nbd2 O-O 7. Be2 c5 8. O-O
a6 9. c4 Rb8 10. a4 d5 11. Qc2 b6 12. Rfd1 Bb7 13. Rac1 Rc8 14. Qb1 a5 15. Qa1
Qc7 16. dxc5 Nxc5 17. Be5 Qd7 18. Qb2 Rfd8 19. e4 dxe4 20. Nxe4 Qc6 21. Nc3 Ne8
22. Nd5 Qe6 23. Bxg7 Nxg7 24. Nd4 Qd6 25. Bg4 f5 26. Nb5 Qe6 27. Bf3 Kf8 28.
Qc3 Ne4 29. Bxe4 fxe4 30. Nd4 Qd6 31. Ne3 Qf4 32. Ne2 Qf6 33. Rxd8+ Rxd8 34. c5
bxc5 35. Qxf6+ exf6 36. Rxc5 Ba6 37. Nc3 Rb8 38. Nxe4 Rxb3 39. h4 Rb4 40. Rxa5
Rxe4 41. Rxa6 f5 42. Ra8+ Kf7 43. Ra7+ Kf8 44. g3 f4 45. Nd5 fxg3 46. fxg3 Rg4
47. Kf2 Nf5 48. Nf4 Nxg3 49. Kf3 h5 50. Ra8+ Kf7 51. Ra7+ Ke8 52. Nd5 Nf5 53.
Nf6+ 1-0

[Event "Statoil Cup"]
[Site "Denmark"]
[Date "1995.??.??"]
[Round "8"]
[White "Christensen, Esben"]
[Black "Fancsy, Imre"]
[Result "1/2-1/2"]
[WhiteElo "2175"]
[BlackElo "2365"]
[PlyCount "24"]
[EventDate "1995.??.??"]
[EventType "tourn"]
[EventRounds "9"]
[EventCountry "DEN"]
[SourceTitle "EXT 1999"]
[Source "ChessBase"]
[SourceDate "1998.11.10"]
[SourceVersion "1"]
[SourceVersionDate "1998.11.10"]
[SourceQuality "1"]

1. e4 c5 2. Nf3 e6 3. d4 cxd4 4. Nxd4 Nc6 5. Be3 Nf6 6. Nxc6 bxc6 7. Bd3 d5 8.
exd5 cxd5 9. O-O Bd6 10. c4 dxc4 11. Qa4+ Qd7 12. Qxc4 Bb7 1/2-1/2

[Event "Statoil Cup"]
[Site "Denmark"]
[Date "1995.??.??"]
[Round "4"]
[White "Christensen, Esben"]
[Black "Ziegler, Ari"]
[Result "0-1"]
[WhiteElo "2175"]
[BlackElo "2305"]
[PlyCount "68"]
[EventDate "1995.??.??"]
[EventType "tourn"]
[EventRounds "9"]
[EventCountry "DEN"]
[SourceTitle "EXT 1999"]
[Source "ChessBase"]
[SourceDate "1998.11.10"]
[SourceVersion "1"]
[SourceVersionDate "1998.11.10"]
[SourceQuality "1"]

1. Nf3 Nf6 2. g3 g6 3. Bg2 Bg7 4. O-O O-O 5. d3 d6 6. c4 e5 7. Bg5 h6 8. Bxf6
Qxf6 9. Nc3 c6 10. e4 Qe7 11. Nh4 Be6 12. Qe1 Bf6 13. Nf3 a6 14. a4 a5 15. Nd2
Na6 16. f4 exf4 17. gxf4 Nb4 18. Qg3 Bd7 19. Kh1 Kh7 20. Bh3 Bh4 21. Qf3 f5 22.
Ne2 Rae8 23. Rad1 d5 24. Nc3 d4 25. Ne2 c5 26. b3 Bc6 27. Bg2 Nc2 28. Rg1 Ne3
29. Rb1 Ng4 30. Ng3 Qf7 31. Rbf1 Ne3 32. Rf2 Re7 33. h3 g5 34. Re1 g4 0-1

[Event "Statoil Cup"]
[Site "Denmark"]
[Date "1995.??.??"]
[Round "2"]
[White "Christensen, Esben"]
[Black "Bjerring, Kai"]
[Result "0-1"]
[WhiteElo "2175"]
[BlackElo "2380"]
[PlyCount "68"]
[EventDate "1995.??.??"]
[EventType "tourn"]
[EventRounds "9"]
[EventCountry "DEN"]
[SourceTitle "EXT 1999"]
[Source "ChessBase"]
[SourceDate "1998.11.10"]
[SourceVersion "1"]
[SourceVersionDate "1998.11.10"]
[SourceQuality "1"]

1. e4 Nf6 2. Nc3 d5 3. exd5 Nxd5 4. Nxd5 Qxd5 5. Qf3 Qd6 6. Bc4 f6 7. c3 c5 8.
Ne2 Nc6 9. Qd5 e6 10. Qh5+ g6 11. Qh4 Be7 12. O-O e5 13. d4 cxd4 14. cxd4 f5
15. Bg5 e4 16. Rad1 Bd7 17. a3 O-O-O 18. b4 h6 19. Bxe7 Qxe7 20. Qg3 g5 21. Qc3
Qd6 22. Rb1 Kb8 23. b5 Ne7 24. f3 exf3 25. Qxf3 Rc8 26. Qd3 f4 27. Rb2 Nf5 28.
b6 a6 29. Bxa6 Ne3 30. Rfb1 Bf5 31. Qb3 Bxb1 32. Qa4 Qd5 33. Nxf4 Rc1+ 34. Kf2
gxf4 0-1

[Event "Statoil Cup"]
[Site "Denmark"]
[Date "1995.??.??"]
[Round "4"]
[White "Dongart, Dennis"]
[Black "Bogdanovich, Grigory"]
[Result "0-1"]
[WhiteElo "2180"]
[BlackElo "2405"]
[PlyCount "96"]
[EventDate "1995.??.??"]
[EventType "tourn"]
[EventRounds "9"]
[EventCountry "DEN"]
[SourceTitle "EXT 1999"]
[Source "ChessBase"]
[SourceDate "1998.11.10"]
[SourceVersion "1"]
[SourceVersionDate "1998.11.10"]
[SourceQuality "1"]

1. e4 c5 2. Nf3 Nf6 3. e5 Nd5 4. Nc3 Nxc3 5. dxc3 Nc6 6. Bf4 e6 7. Bc4 Qc7 8.
O-O h6 9. Re1 b6 10. Qe2 Bb7 11. Rad1 O-O-O 12. Bg3 Na5 13. Ba6 Kb8 14. Nd2 d5
15. exd6 Bxd6 16. Bxd6 Rxd6 17. Ne4 Rxd1 18. Rxd1 Rd8 19. Rxd8+ Qxd8 20. Bxb7
Nxb7 21. Qd3 Kc8 22. g3 Qd7 23. Qxd7+ Kxd7 24. Kf1 Nd6 25. Nd2 c4 26. Ke2 e5
27. Ke3 Ke6 28. a4 Kd5 29. b3 f5 30. f3 a6 31. h4 g5 32. hxg5 hxg5 33. f4 exf4+
34. gxf4 g4 35. Ke2 b5 36. axb5 axb5 37. Ke3 Ne4 38. Nb1 Kc5 39. Ke2 Nf6 40.
b4+ Kc6 41. Kf2 Nd5 42. Kg3 Kd6 43. Nd2 Nxc3 44. Kh4 Ne2 45. Nf1 Nxf4 46. Kg5
Ke5 47. Ne3 g3 48. Nf1 g2 0-1

[Event "Statoil Cup"]
[Site "Denmark"]
[Date "1995.??.??"]
[Round "2"]
[White "Dongart, Dennis"]
[Black "Izsak, Gyula"]
[Result "0-1"]
[WhiteElo "2180"]
[BlackElo "2445"]
[PlyCount "94"]
[EventDate "1995.??.??"]
[EventType "tourn"]
[EventRounds "9"]
[EventCountry "DEN"]
[SourceTitle "EXT 1999"]
[Source "ChessBase"]
[SourceDate "1998.11.10"]
[SourceVersion "1"]
[SourceVersionDate "1998.11.10"]
[SourceQuality "1"]

1. e4 c5 2. Nf3 e6 3. d4 cxd4 4. Nxd4 Nf6 5. Bd3 Nc6 6. Nxc6 bxc6 7. O-O e5 8.
c4 Bc5 9. Nc3 d6 10. Qe2 Bg4 11. Qe1 Rb8 12. Rb1 Be6 13. Be3 Nd7 14. b3 O-O 15.
Rd1 Qc7 16. Bc2 Rfd8 17. Bxc5 Nxc5 18. f4 exf4 19. Qh4 Qa5 20. Rf3 Nd7 21. Qxf4
Ne5 22. Rg3 Ng6 23. Qg5 Qxg5 24. Rxg5 Ne5 25. Ne2 Bg4 26. Kf2 f6 27. Rxe5 dxe5
28. Rxd8+ Rxd8 29. Ke3 Bxe2 30. Kxe2 c5 31. Bd3 Kf7 32. Kd2 Ke6 33. Kc3 g6 34.
Be2 a5 35. Bf3 Rd4 36. g4 f5 37. gxf5+ gxf5 38. exf5+ Kxf5 39. a3 e4 40. Be2
Ke5 41. h3 h6 42. b4 axb4+ 43. axb4 cxb4+ 44. Kxb4 Rd2 45. Bg4 Kd4 46. c5 Rb2+
47. Ka3 Rc2 0-1

[Event "Statoil Cup"]
[Site "Denmark"]
[Date "1995.??.??"]
[Round "6"]
[White "Dongart, Dennis"]
[Black "Bjerring, Kai"]
[Result "0-1"]
[WhiteElo "2180"]
[BlackElo "2380"]
[PlyCount "80"]
[EventDate "1995.??.??"]
[EventType "tourn"]
[EventRounds "9"]
[EventCountry "DEN"]
[SourceTitle "EXT 1999"]
[Source "ChessBase"]
[SourceDate "1998.11.10"]
[SourceVersion "1"]
[SourceVersionDate "1998.11.10"]
[SourceQuality "1"]

1. e4 Nf6 2. e5 Nd5 3. d4 d6 4. Nf3 Bg4 5. Be2 e6 6. O-O Be7 7. b3 Nc6 8. c4
Nb6 9. Bb2 d5 10. c5 Nd7 11. h3 Bh5 12. Nh2 Bg6 13. a3 f6 14. f4 O-O 15. Bd3
Bxd3 16. Qxd3 fxe5 17. fxe5 Rxf1+ 18. Nxf1 b6 19. Qb5 Na5 20. Nbd2 c6 21. Qa6
Nb8 22. Qe2 bxc5 23. Qg4 cxd4 24. Ng3 Bg5 25. Qxe6+ Kh8 26. Rf1 Bxd2 27. Qf7
Be3+ 28. Kh2 Qg8 29. Qc7 Nxb3 30. Qb7 Nd7 31. Qxd7 Nc5 32. Qxc6 Nd3 33. Qd7
Nxe5 34. Qf5 Nc4 35. Bc1 Re8 36. Bxe3 Nxe3 37. Qf3 Nxf1+ 38. Nxf1 Qf8 39. Qd1
Qf2 40. Ng3 Re1 0-1

[Event "Statoil Cup"]
[Site "Denmark"]
[Date "1995.??.??"]
[Round "1"]
[White "Dongart, Dennis"]
[Black "Christensen, Esben"]
[Result "1/2-1/2"]
[WhiteElo "2180"]
[BlackElo "2175"]
[PlyCount "155"]
[EventDate "1995.??.??"]
[EventType "tourn"]
[EventRounds "9"]
[EventCountry "DEN"]
[SourceTitle "EXT 1999"]
[Source "ChessBase"]
[SourceDate "1998.11.10"]
[SourceVersion "1"]
[SourceVersionDate "1998.11.10"]
[SourceQuality "1"]

1. e4 c5 2. Nf3 e6 3. d4 cxd4 4. Nxd4 Nf6 5. Bd3 Nc6 6. Nxc6 bxc6 7. O-O d5 8.
exd5 cxd5 9. c4 Be7 10. cxd5 exd5 11. b3 O-O 12. Bb2 a5 13. Nc3 Bb7 14. Nb5 Qd7
15. Rc1 Rfc8 16. Rxc8+ Rxc8 17. Nd4 Ne4 18. f3 Nd6 19. Qd2 Ra8 20. Qf4 Bf6 21.
Kh1 Re8 22. Qd2 Ra8 23. Qf4 h6 24. Ba3 Rd8 25. Re1 Re8 26. Rxe8+ Qxe8 27. Ne2
Nb5 28. Bc5 Bg5 29. Qa4 Bc6 30. Qxa5 Bf6 31. a4 Nc3 32. Nxc3 Qe1+ 33. Bg1 Bxc3
34. Qd8+ Qe8 35. Qxe8+ Bxe8 36. Bb6 Bc6 37. Kg1 Kf8 38. Kf2 Ke7 39. Ke3 f6 40.
Bg6 Kd6 41. Kd3 Be1 42. Be3 Bb4 43. Bf4+ Kc5 44. Be3+ Kd6 45. Bd2 Kc5 46. Bc3
Bd7 47. g4 Be6 48. Bd4+ Kd6 49. h3 Bc8 50. Ke3 Ba6 51. Bd3 Bc8 52. h4 Be1 53.
h5 Bb4 54. Bf5 Ba6 55. f4 Ba3 56. Kf3 Bc5 57. Ke3 Ba3 58. Kd2 Bb4+ 59. Bc3 Kc5
60. Be6 Bb7 61. a5 Ba3 62. Kd3 Ba6+ 63. Ke3 Bc1+ 64. Kf3 Bb7 65. b4+ Kd6 66. a6
Bxa6 67. Bf5 Bc4 68. g5 hxg5 69. Bxf6 Bb3 70. Bxg7 Bd1+ 71. Kf2 Bxh5 72. Be5+
Kc6 73. fxg5 Bxg5 74. Bd3 Be8 75. b5+ Kc5 76. Bc7 Bxb5 77. Bxb5 Kxb5 78. Be5
1/2-1/2

[Event "Statoil Cup"]
[Site "Denmark"]
[Date "1995.??.??"]
[Round "9"]
[White "Fancsy, Imre"]
[Black "Dongart, Dennis"]
[Result "1-0"]
[WhiteElo "2365"]
[BlackElo "2180"]
[PlyCount "79"]
[EventDate "1995.??.??"]
[EventType "tourn"]
[EventRounds "9"]
[EventCountry "DEN"]
[SourceTitle "EXT 1999"]
[Source "ChessBase"]
[SourceDate "1998.11.10"]
[SourceVersion "1"]
[SourceVersionDate "1998.11.10"]
[SourceQuality "1"]

1. d4 Nf6 2. Bg5 e6 3. e4 Be7 4. Bd3 b6 5. Nf3 Bb7 6. Nbd2 h6 7. Bf4 d5 8. e5
Ne4 9. Qe2 Nxd2 10. Bxd2 Qd7 11. O-O c5 12. c3 Nc6 13. Rfc1 c4 14. Bc2 O-O-O
15. Be3 Kc7 16. b3 b5 17. a4 a6 18. Nd2 Ra8 19. Ra2 h5 20. Qf3 g6 21. axb5 axb5
22. Rxa8 Rxa8 23. Qxf7 Ba3 24. Qxd7+ Kxd7 25. Rb1 cxb3 26. Rxb3 Bc1 27. Bxg6
Bxd2 28. Bxd2 b4 29. Rb1 Ra3 30. cxb4 Nxd4 31. h4 Ra2 32. Bg5 Re2 33. Bf6 Nc6
34. Bxh5 Re4 35. Bg6 Rxb4 36. Rxb4 Nxb4 37. h5 Nd3 38. Bxd3 Ke8 39. h6 Kf7 40.
h7 1-0

[Event "Statoil Cup"]
[Site "Denmark"]
[Date "1995.??.??"]
[Round "6"]
[White "Fancsy, Imre"]
[Black "Ziegler, Ari"]
[Result "0-1"]
[WhiteElo "2365"]
[BlackElo "2305"]
[PlyCount "79"]
[EventDate "1995.??.??"]
[EventType "tourn"]
[EventRounds "9"]
[EventCountry "DEN"]
[SourceTitle "EXT 1999"]
[Source "ChessBase"]
[SourceDate "1998.11.10"]
[SourceVersion "1"]
[SourceVersionDate "1998.11.10"]
[SourceQuality "1"]

1. Nf3 Nf6 2. c4 g6 3. g3 Bg7 4. Bg2 O-O 5. d4 d6 6. Nc3 Nbd7 7. O-O e5 8. e4
c6 9. h3 Re8 10. Be3 exd4 11. Nxd4 Nc5 12. Qc2 Qe7 13. Rfe1 Bd7 14. Nb3 Na6 15.
Nd4 Nc5 16. Nb3 Na6 17. Rad1 Be6 18. Qe2 Nd7 19. Nd4 Nb6 20. b3 Nc5 21. Qd2
Rad8 22. Bg5 Bf6 23. Bh6 Bc8 24. Kh2 Na8 25. Be3 Nc7 26. f4 a5 27. Nb1 a4 28.
b4 N5e6 29. Ne2 Nf8 30. Qc2 Be6 31. c5 Na6 32. cxd6 Rxd6 33. Rxd6 Qxd6 34. e5
Bf5 35. Qxa4 Qxb4 36. Qxb4 Nxb4 37. Nd4 Be7 38. Nc3 Ne6 39. Nxf5 gxf5 40. Rd1
0-1

[Event "Statoil Cup"]
[Site "Denmark"]
[Date "1995.??.??"]
[Round "4"]
[White "Fancsy, Imre"]
[Black "Pilgaard, Kim"]
[Result "1/2-1/2"]
[WhiteElo "2365"]
[BlackElo "2305"]
[PlyCount "74"]
[EventDate "1995.??.??"]
[EventType "tourn"]
[EventRounds "9"]
[EventCountry "DEN"]
[SourceTitle "EXT 1999"]
[Source "ChessBase"]
[SourceDate "1998.11.10"]
[SourceVersion "1"]
[SourceVersionDate "1998.11.10"]
[SourceQuality "1"]

1. Nf3 Nf6 2. c4 e6 3. g3 b6 4. Bg2 Bb7 5. O-O Be7 6. Nc3 O-O 7. d4 Ne4 8. Qc2
Nxc3 9. Qxc3 c5 10. Rd1 Bf6 11. Qc2 Nc6 12. dxc5 bxc5 13. Bf4 Re8 14. Qb3 Qc8
15. Bg5 Bd8 16. Qd3 Nb4 17. Qxd7 Qxd7 18. Rxd7 Bxf3 19. Bxf3 Bxg5 20. Bxa8 Rxa8
21. Rc7 Bf6 22. a3 Nc2 23. Rd1 h6 24. Rdd7 a5 25. e3 a4 26. Rb7 Na1 27. Ra7
Rxa7 28. Rxa7 Bxb2 29. Rxa4 Bc3 30. Ra8+ Kh7 31. Rb8 Nc2 32. Rb3 Ba5 33. Kf1 e5
34. Rb5 Bc3 35. Rb3 Ba5 36. Rb5 Bc3 37. Rb3 Ba5 1/2-1/2

[Event "Statoil Cup"]
[Site "Denmark"]
[Date "1995.??.??"]
[Round "3"]
[White "Izsak, Gyula"]
[Black "Christensen, Esben"]
[Result "1/2-1/2"]
[WhiteElo "2445"]
[BlackElo "2175"]
[PlyCount "56"]
[EventDate "1995.??.??"]
[EventType "tourn"]
[EventRounds "9"]
[EventCountry "DEN"]
[SourceTitle "EXT 1999"]
[Source "ChessBase"]
[SourceDate "1998.11.10"]
[SourceVersion "1"]
[SourceVersionDate "1998.11.10"]
[SourceQuality "1"]

1. d4 Nf6 2. c4 c5 3. d5 b5 4. cxb5 a6 5. b6 g6 6. Nc3 d6 7. e4 Nbd7 8. Nf3 Bg7
9. Be2 O-O 10. O-O Nxb6 11. h3 a5 12. Bf4 Ba6 13. Bxa6 Rxa6 14. Qe2 Ra8 15.
Rad1 a4 16. a3 Ra7 17. Rfe1 Qa8 18. Rd2 Rd8 19. Red1 Rad7 20. Be3 Rc7 21. Bg5
Ra7 22. Nh2 Kf8 23. Nf1 Ra5 24. Ne3 Qa6 25. Qf3 Nfd7 26. Bf4 Nc4 27. Nxc4 Qxc4
28. Rc1 Rb8 1/2-1/2

[Event "Statoil Cup"]
[Site "Denmark"]
[Date "1995.??.??"]
[Round "6"]
[White "Izsak, Gyula"]
[Black "Pilgaard, Kim"]
[Result "1-0"]
[WhiteElo "2445"]
[BlackElo "2305"]
[PlyCount "99"]
[EventDate "1995.??.??"]
[EventType "tourn"]
[EventRounds "9"]
[EventCountry "DEN"]
[SourceTitle "EXT 1999"]
[Source "ChessBase"]
[SourceDate "1998.11.10"]
[SourceVersion "1"]
[SourceVersionDate "1998.11.10"]
[SourceQuality "1"]

1. c4 Nf6 2. Nf3 e6 3. g3 b6 4. Bg2 Bb7 5. O-O Be7 6. d4 O-O 7. Nc3 Ne4 8. Qc2
Nxc3 9. Qxc3 c5 10. Rd1 d6 11. b3 Bf6 12. Bb2 Nc6 13. Qd2 Qe7 14. d5 Ne5 15.
dxe6 Nxf3+ 16. Bxf3 Bxf3 17. Bxf6 Qxf6 18. exf3 Qxe6 19. Qxd6 Qxd6 20. Rxd6
Rfe8 21. Rad1 Kf8 22. R1d2 Re1+ 23. Kg2 Rae8 24. f4 f5 25. h3 h5 26. R2d5 R1e2
27. Rxf5+ Kg8 28. Rxh5 Rxa2 29. Re5 Rxe5 30. fxe5 Ra3 31. Rd3 a5 32. Re3 Kf7
33. Kf3 Ke6 34. Ke4 a4 35. bxa4 Rxa4 36. Rc3 b5 37. f4 b4 38. Rd3 Ra3 39. f5+
Ke7 40. g4 b3 41. Rd1 Ra8 42. Rb1 Rd8 43. Rxb3 Rd4+ 44. Kf3 Rxc4 45. Rb7+ Kf8
46. Rc7 Rc1 47. Kf4 c4 48. e6 c3 49. Kg5 c2 50. Kg6 1-0

[Event "Statoil Cup"]
[Site "Denmark"]
[Date "1995.??.??"]
[Round "1"]
[White "Izsak, Gyula"]
[Black "Fancsy, Imre"]
[Result "1/2-1/2"]
[WhiteElo "2445"]
[BlackElo "2365"]
[PlyCount "42"]
[EventDate "1995.??.??"]
[EventType "tourn"]
[EventRounds "9"]
[EventCountry "DEN"]
[SourceTitle "EXT 1999"]
[Source "ChessBase"]
[SourceDate "1998.11.10"]
[SourceVersion "1"]
[SourceVersionDate "1998.11.10"]
[SourceQuality "1"]

1. e4 d5 2. exd5 Qxd5 3. Nc3 Qa5 4. d4 e5 5. Nf3 Bg4 6. dxe5 Nd7 7. Be2 O-O-O
8. Bd2 Nxe5 9. Nxe5 Qxe5 10. O-O Bxe2 11. Nxe2 Bd6 12. Bf4 Qh5 13. Bxd6 Rxd6
14. Ng3 Qg6 15. Qh5 Nf6 16. Qxg6 hxg6 17. Rfd1 Rhd8 18. Rxd6 Rxd6 19. Rc1 Rd2
20. Nf1 Re2 21. Ng3 Rd2 1/2-1/2